Quizzes
Events
Quiz Creation
Community
Videos
Private Events
Remove Ads
Sign In
Join for FREE
Feedback
Dark Mode
Quiz Categories
Sports
Geography
Music
Movies
Television
Just For Fun
Miscellaneous
History
Literature
Language
Science
Gaming
Entertainment
Religion
Holiday
For Kids
Quiz Lab
Recent
Popular Today
Quiz Kudos Today
Editor Picks
Curator Picks
Quizzes by...
Day
Popularity
Type
Ratings
Length
Year
Community
Subscriptions
Recent Discussions
Orange Saloon
Badges
Playlists
Quests
Create
Leaderboards
Showdown
Live 5
Trivia Bingo
Activity
Puzzle Library
Sporcle Events
Private Events
Virtual Trivia
Globe League
Become a Host
Pub Owners
SporcleCon
Opinionation
Our Games
Videos
Blog
Mobile Apps
Partnerships
Remove Ads and Go Orange
Feedback
Sports
Athletes
MLB
NBA
NHL
NFL
Soccer
Sports Teams
WWE
NCAA
Football
Premier League
Basketball
Baseball
Hockey
Golf
Tennis
Cricket
Rugby
Auto Racing
Olympics
World Cup
Sports
Athletes
MLB
NBA
NHL
NFL
Soccer
Sports Teams
WWE
NCAA
Football
Premier League
Basketball
Baseball
Hockey
Golf
Tennis
Cricket
Rugby
Auto Racing
Olympics
World Cup
Random Quiz
Search Sporcle
×
Quiz Lab
Quiz Lab
Sports
Cricket
Type in answers that appear in a list
Type in answers that appear in a list
Classic
Best Score? Go Orange.
All Time Sri Lanka ODI Cricket Players Stats
Can you name the All Time Sri Lanka ODI Cricket Players?
By
SporcleEXP
18m
179 Questions
219 Plays
219 Plays
219 Plays
Comments
Comments
Give Quiz Kudos
Give Quiz Kudos
-
- Ratings
hide this ad
Replay
Link that replays current quiz
Next Quiz
Link to next quiz in quiz playlist
You Got
0%
They Got
Avg Score
54%
Avg Friend Score
Upgrade to see
Score Distribution
Jump to the score distribution portion of the page
Score
0/179
Timer
18:00
0
Plays Today
Cap Number
Player
% Correct
37
Aravinda de Silva
96.8%
169
Dhananjaya de Silva
96.7%
159
Chathuranga de Silva
95.9%
1
Somachandra de Silva
95.4%
13
Ajit de Silva
95.4%
14
Stanley de Silva
95.4%
34
Granville de Silva
95.4%
44
Ashley de Silva
95.4%
52
Asoka de Silva
95.4%
88
Sajeewa de Silva
95.4%
90
Lanka de Silva
95.4%
105
Kumar Sangakkara
94.1%
24
Arjuna Ranatunga
93.6%
170
Kusal Mendis
93.4%
5
Duleep Mendis
93.2%
134
Ajantha Mendis
93.2%
145
Jeevan Mendis
93.2%
85
Chaminda Mendis
92.7%
92
Mahela Jayawardene
92.7%
60
Dammika Ranatunga
92.2%
69
Nishantha Ranatunga
92.2%
81
Sanjeeva Ranatunga
92.2%
58
Sanath Jayasuriya
91.8%
75
Chaminda Vaas
91.8%
114
Prasanna Jayawardene
91.8%
167
Shehan Jayasuriya
91.3%
70
Muttiah Muralitharan
90.9%
141
Thisara Perera
90.9%
175
Avishka Fernando
90.6%
95
Suresh Perera
89.5%
133
Dilruwan Perera
89.5%
155
Kusal Perera
89.5%
156
Angelo Perera
89.5%
46
Gamini Perera
89%
98
Ruchira Perera
89%
137
Angelo Mathews
89%
2
Ranjit Fernando
88.1%
106
Dilhara Fernando
88.1%
30
Susil Fernando
87.7%
57
Lalithamana Fernando
87.7%
74
Nisal Fernando
87.7%
110
Hasantha Fernando
87.7%
117
Dinusha Fernando
87.7%
39
Amal Silva
85.8%
83
Jayantha Silva
85.8%
101
Chamara Silva
85.8%
102
Tillakaratne Dilshan
85.4%
123
Lasith Malinga
83.1%
59
Marvin Atapattu
82.6%
120
Rangana Herath
81.3%
144
Dinesh Chandimal
80.8%
61
Romesh Kaluwitharana
74.9%
89
Nuwan Zoysa
74.9%
51
Hashan Tillakaratne
74.4%
82
Kumar Dharmasena
74.4%
45
Roshan Mahanama
73.5%
139
Suranga Lakmal
73.5%
97
Thilan Samaraweera
72.1%
73
Dulip Samaraweera
71.7%
64
Pramodya Wickramasinghe
71.2%
Cap Number
Player
% Correct
78
Upul Chandana
71.2%
125
Upul Tharanga
71.2%
91
Russel Arnold
68.9%
118
Nuwan Kulasekara
68.9%
149
Kosala Kulasekara
67.6%
146
Dimuth Karunaratne
65.3%
28
Rumesh Ratnayake
64.4%
56
Nilantha Ratnayake
64.4%
42
Asanka Gurusinha
63.5%
172
Chaminda Bandara
62.6%
121
Farveez Maharoof
61.6%
20
Ashantha de Mel
61.2%
150
Sachithra Senanayake
61.2%
176
Asela Gunaratne
61.2%
63
Charith Senanayake
60.7%
128
Michael Vandort
60.7%
143
Lahiru Thirimanne
58.9%
113
Jehan Mubarak
58.4%
130
Dhammika Prasad
58.4%
178
Lahiru Kumara
58.2%
15
Roy Dias
58%
11
Bandula Warnapura
56.6%
76
Aruna Gunawardene
56.6%
93
Avishka Gunawardene
56.6%
127
Malinga Bandara
56.6%
132
Malinda Warnapura
56.2%
140
Suraj Randiv
56.2%
112
Pulasthi Gunaratne
55.7%
147
Shaminda Eranga
55.7%
35
Brendon Kuruppu
53.4%
153
Nuwan Pradeep
53.4%
129
Chamara Kapugedera
53%
161
Niroshan Dickwella
52.5%
142
Muthumudalige Pushpakumara
51.6%
77
Ravindra Pushpakumara
51.1%
162
Dushmantha Chameera
51.1%
19
Ranjan Madugalle
49.3%
160
Lahiru Gamage
48.4%
84
Janak Gamage
47.9%
111
Chamila Gamage
47.9%
116
Dharshana Gamage
47.9%
12
Sunil Wettimuny
46.1%
22
Sidath Wettimuny
46.1%
32
Mithra Wettimuny
46.1%
25
Ravi Ratnayeke
45.2%
171
Dasun Shanaka
44.5%
174
Lakshan Sandakan
44.5%
27
Vinothen John
44.3%
138
Chanaka Welegedara
44.3%
136
Thilan Thushara
42.9%
109
Prabath Nissanka
42.5%
163
Tharindu Kaushal
42.5%
66
Ruwan Kalpage
42%
29
Guy de Alwis
41.6%
148
Seekkuge Prasanna
41.1%
154
Akila Dananjaya
39.3%
166
Danushka Gunathilaka
39.1%
122
Thilina Kandamby
38.8%
49
Champaka Ramanayake
37.4%
50
Graeme Labrooy
37.4%
Cap Number
Player
% Correct
65
Chandika Hathurusingha
37.4%
168
Jeffrey Vandersay
37.1%
55
Kapila Wijegunawardene
36.5%
43
Don Anurasiri
36.1%
100
Indika de Saram
34.2%
68
Gamini Wickremasinghe
33.8%
152
Isuru Udana
33.8%
16
Sunil Jayasinghe
32.4%
36
Athula Samarasekera
32.4%
87
Eric Upashantha
32.4%
8
Anura Ranasinghe
32%
47
Keerthi Ranasinghe
32%
62
Jayananda Warnaweera
32%
94
Naveed Nawaz
32%
158
Kithuruwan Vithanage
31.5%
108
Charitha Buddhika
31.1%
164
Milinda Siriwardana
31.1%
173
Amila Aponso
30.2%
119
Saman Jayantha
30.1%
131
Ishara Amerasinghe
30.1%
135
Mahela Udawatte
28.3%
177
Sandun Weerakkody
28.2%
4
Lalith Kaluperuma
27.9%
7
Mevan Pieris
27.4%
53
Sanath Kaluperuma
27.4%
179
Lahiru Madushanka
25.9%
21
Rohan Jayasekera
25.6%
157
Ashan Priyanjan
25.6%
9
Anura Tennekoon
25.1%
26
Roger Wijesuriya
25.1%
67
Dulip Liyanage
25.1%
104
Kaushayla Weeraratne
24.7%
115
Kaushal Lokuarachchi
24.2%
124
Dilhara Lokuhettige
23.7%
23
Mahes Goonatilleke
23.3%
54
Ranjith Madurasinghe
22.8%
71
Pubudu Dassanayake
22.8%
33
Sridharan Jeganathan
22.4%
3
David Heyn
21.9%
41
Saliya Ahangama
21.9%
48
Kaushik Amalean
21.5%
18
Ranjan Gunatilleke
21%
38
Uvais Karnain
21%
6
Tony Opatha
20.5%
96
Niroshan Bandaratilleke
20.5%
165
Sachith Pathirana
19.6%
31
Yohan Goonasekera
19.2%
10
Michael Tissera
18.7%
40
Marlon Vonhagt
18.3%
17
Sudath Pasqual
17.4%
107
Akalanka Ganegama
17.4%
151
Sajeewa Weerakoon
15.1%
86
Chamara Dunusinghe
14.6%
103
Indika Gallage
14.6%
99
Hemantha Boteju
12.3%
79
Manjula Munasinghe
11.4%
72
Hemantha Wickramaratne
7.8%
80
Ajith Weerakkody
7.8%
126
Pradeep Jayaprakashdaran
5.9%
Quiz Playlist
Details
Report
Send in Message
Add To Playlist
Classic:
Type in answers that appear in a list
Last Updated: Mar 16, 2017
Quiz Scoreboard
CHALLENGE
Sign Up to Join the Scoreboard
Show All
Scores
Hide
Comments
May contain spoilers
Recently Published
College Basketball Coaching Resumes
by pancakes188
Sports
9m
Billboard Blitz: Fleetwood Mac
by CooCooCachoo
Music
15s
Presidents Visiting Landmarks
by Hejman
History
7m
More to Explore
Quiz From the Vault
Featured Blog Post
Where Did the Easter Bunny Come From?
hide this ad
You Might Also Like...
Tags
Cricket Quiz
All Time
cap
debut
odi
ODI Cricket
Player
Sri Lanka
Today's Top Quizzes in Sports
Browse Sports
hide this ad
Today's Top Quizzes in Cricket
Browse Cricket
Top Contributed Quizzes in Sports
1
2022 World Cup Stars
2
Les meilleurs buteurs des matchs entre le PSG et l’OM
3
FIFA Club World Cup Champions
4
Les entraîneurs de l'OM et du PSG au 21e siècle
5
Criteria MLB: Left Handed Sluggers
6
AFC Teams Reveal (Wrong Answers Minefield)
7
5-to-1: UK Sports Teams
8
5-to-1: FBS Animal Nicknames
9
2023 MLB Unique Player Accomplishments
10
Name the Premier League winners with different clubs
Explore More
Trending Topics
Anime
Harry Potter
Crossword
Disney
NBA
Marvel
Kpop
NFL
Pokémon
The Office
Country
Song
Soccer
Puzzle
WWE
hide this ad
More By:
SporcleEXP
Quiz
Plays
Rating
Category
Featured
Created
Harry Potter Deaths in Order Minefield
3,068,344
4.18
Literature
Jan 27, 2016
Sins, Dwarfs, and Spice Girls
847,278
4.42
Just For Fun
Apr 11, 2012
Ancient History Bunker
708,133
4.28
History
Jan 20, 2014
Movie Posters VI
679,026
4.37
Movies
Nov 12, 2010
Movie Posters VII
621,856
4.44
Movies
Apr 16, 2011
Go to Creator's Profile
Score Distribution
Quiz Creator Spotlight
SporcleEXP
Follow
Send a Message
Quizzes Created
-
Created Quiz Play Count
-
More By This Creator
Popular Quizzes Today
1
Find the US States - No Outlines Minefield
2
Find the Countries of Europe - No Outlines Minefield
3
The Countries of the World
4
Find the US States
5
Risky Map Clicking: Biggest States A-Z
6
US States
7
Popular People in 1961
8
Movies - When Are They Set?
More Sports Quizzes
Rapper or WWE Wrestler?
Curator's Pick
Trending Quizzes
Risky Map Clicking: Least Populous States A-Z
1-10 Letter G Words
1-10 Letter F Words
Risky Map Clicking: Next State Alphabetically
Risky Map Clicking: Biggest States A-Z
Recently Updated
Leaping Animals
pecheneg
Reality TV Shows (A-Z)
bhenderson79
Rickey Henderson's Hall of Fame Teammates
pecheneg
Champions League XIs: Arsenal
pecheneg
Quick Pick: Celebrities in WWE's Hall of Fame
aduchscher
A-Z Keypad Blitz II
pecheneg
Multiple Oscar Actors
pecheneg
Mystery Phrase Blitz: Oscar 'Best Actors'
pecheneg
F. Scott Fitzgerald Novels
LTH
Pick 3 Villains
ddd62291
Trending Topics
Marvel
Harry Potter
Anime
Crossword
Kpop
Disney
NBA
Soccer
Pokémon
Country
Song
Puzzle
NFL
WWE
The Office
Your Account Isn't Verified!
In order to create a playlist on Sporcle, you need to verify the email address you used during registration. Go to your
Sporcle Settings
to finish the process.
Report this User
Report this user for behavior that violates our
Community Guidelines
.
Details:
Send Report
Go to the Sporcle.com Mobile Site →
Comments